000 00214nam a2200097Ia 4500
100 _aLuzadder
942 _cBK
245 _aFund. Of Engineering Drawing
260 _bPrentice Hall of India
_c2001
546 _aENGLISH
999 _c25493
_d25493